The pocket guide to therapy : (Record no. 482235)

MARC details
000 -LEADER
fixed length control field 01787cam a2200409 i 4500
001 - CONTROL NUMBER
control field EDZ0000174405
003 - CONTROL NUMBER IDENTIFIER
control field StDuBDS
005 - DATE AND TIME OF LATEST TRANSACTION
control field 20161031105229.0
006 - FIXED-LENGTH DATA ELEMENTS--ADDITIONAL MATERIAL CHARACTERISTICS--GENERAL INFORMATION
fixed length control field m||||||||d||||||||
007 - PHYSICAL DESCRIPTION FIXED FIELD--GENERAL INFORMATION
fixed length control field cr |||||||||||
008 - FIXED-LENGTH DATA ELEMENTS--GENERAL INFORMATION
fixed length control field 131121s2012 caua fo| 001|0|eng|d
020 ## - INTERNATIONAL STANDARD BOOK NUMBER
International Standard Book Number 9781446289082 (ebook) :
Terms of availability No price
040 ## - CATALOGING SOURCE
Original cataloging agency StDuBDS
Language of cataloging eng
Transcribing agency StDuBDS
Description conventions rda
-- pn
049 ## - LOCAL HOLDINGS (OCLC)
Holding library Alfaisal Main Library
050 #0 - LIBRARY OF CONGRESS CALL NUMBER
Classification number RC480
Item number .P6 2012
082 04 - DEWEY DECIMAL CLASSIFICATION NUMBER
Classification number 616.8914
Edition number 23
245 04 - TITLE STATEMENT
Title The pocket guide to therapy :
Remainder of title a 'how to' of the core models /
Statement of responsibility, etc Stephen Weatherhead & Graeme Flaherty-Jones.
264 #1 - PRODUCTION, PUBLICATION, DISTRIBUTION, MANUFACTURE STATEMENTS
Place of production, publication, distribution, manufacture Los Angeles, California :
Name of producer, publisher, distributor, manufacturer SAGE,
Date of production, publication, distribution, manufacture 2012.
300 ## - PHYSICAL DESCRIPTION
Extent 1 online resource (xi, 258 pages) :
Other physical details illustrations (black and white)
336 ## - CONTENT TYPE
Content Type Term text
Source rdacontent
336 ## - CONTENT TYPE
Content Type Term still image
Source rdacontent
337 ## - MEDIA TYPE
Media Type Term computer
Source rdamedia
338 ## - CARRIER TYPE
Carrier Type Term online resource
Source rdacarrier
504 ## - BIBLIOGRAPHY, ETC. NOTE
Bibliography, etc Includes bibliographical references and index.
520 8# - SUMMARY, ETC.
Summary, etc Trainees in all mental health professions need basic knowledge of the key therapeutic approaches in counselling and psychotherapy. 'The Pocket Guide to Therapy' is therefore the essential companion, placing specific emphasis on practical application to guide the reader in the 'how to' of conducting each therapeutic model.
521 ## - TARGET AUDIENCE NOTE
Target audience note Specialized.
588 ## -
-- Description based on print version record.
650 #0 - SUBJECT ADDED ENTRY--TOPICAL TERM
Topical term or geographic name as entry element Psychotherapy.
650 #0 - SUBJECT ADDED ENTRY--TOPICAL TERM
Topical term or geographic name as entry element Counseling.
655 #7 - INDEX TERM--GENRE/FORM
Genre/form data or focus term Electronic books.
Source of term local
700 1# - ADDED ENTRY--PERSONAL NAME
Personal name Weatherhead, Stephen,
Relator term editor of compilation.
700 1# - ADDED ENTRY--PERSONAL NAME
Personal name Flaherty-Jones, Graeme,
Relator term editor of compilation.
710 2# - ADDED ENTRY--CORPORATE NAME
Corporate name or jurisdiction name as entry element Sage eBooks
776 08 - ADDITIONAL PHYSICAL FORM ENTRY
Display text Print version :
International Standard Book Number 9780857024923
856 40 - ELECTRONIC LOCATION AND ACCESS
Uniform Resource Identifier <a href="http://ezproxy.alfaisal.edu/login?url=http://sk.sagepub.com/books/the-pocket-guide-to-therapy">http://ezproxy.alfaisal.edu/login?url=http://sk.sagepub.com/books/the-pocket-guide-to-therapy</a>
942 ## - ADDED ENTRY ELEMENTS (KOHA)
Source of classification or shelving scheme Library of Congress Classification
Koha item type eBooks

No items available.

Copyright © 2020 Alfaisal University Library. All Rights Reserved.
Tel: +966 11 2158948 Fax: +966 11 2157910 Email:
librarian@alfaisal.edu